[Event "Gorodovikovsk Bashanta Spring"]
[Site "Gorodovikovsk"]
[Date "2009.04.20"]
[Round "5"]
[White "Chudakov, Yury"]
[Black "Pivovartsev, Stanislav"]
[Result "0-1"]
[WhiteElo "2002"]
[BlackElo "2208"]
[PlyCount "76"]
[EventDate "2009.04.20"]
[EventType "tourn"]
[EventRounds "11"]
[EventCountry "RUS"]
[SourceTitle "EXT 2022"]
[Source "ChessBase"]
[SourceDate "2021.10.06"]
[SourceVersion "1"]
[SourceVersionDate "2021.10.06"]
[SourceQuality "1"]

1. Nf3 d5 2. e3 c6 3. b3 Nf6 4. Bb2 e6 5. d4 Be7 6. Nbd2 0-0 7. Bd3 b6 8. 0-0 Bb7 9. Ne5 Nfd7 10. f4 f5 11. Rf3 Nxe5 12. dxe5 Na6 13. Rh3 g6 14. g4 Nc5 15. gxf5 exf5 16. Nf3 Ne6 17. Bf1 c5 18. Qe1 d4 19. Bc4 Bd5 20. Qe2 dxe3 21. Qxe3 Bxc4 22. bxc4 Qe8 23. a4 a5 24. Rg3 Qc6 25. Qf2 Rad8 26. Ng5 Bxg5 27. fxg5 Qe4 28. Rb3 Nxg5 29. e6 Qg4+ 30. Kh1 Qe4+ 31. Kg1 Qxe6 32. Re1 Ne4 33. Qe3 Rd6 34. Qh6 Qe7 35. h4 Rfd8 36. h5 Qg5+ 37. Qxg5 Nxg5 38. Bf6 Nf3+ 0-1

[Event "Bashanta Summer"]
[Site "Gorodovikovsk"]
[Date "2008.07.??"]
[Round "6"]
[White "Chudakov, Yury"]
[Black "Gusev, Alex"]
[Result "0-1"]
[WhiteElo "2050"]
[BlackElo "2133"]
[PlyCount "92"]
[EventDate "2008.07.16"]
[EventType "tourn"]
[EventRounds "9"]
[EventCountry "RUS"]
[SourceTitle "EXT 2022"]
[Source "ChessBase"]
[SourceDate "2021.10.06"]
[SourceVersion "1"]
[SourceVersionDate "2021.10.06"]
[SourceQuality "1"]

1. Nf3 f5 2. c4 d6 3. d4 Nf6 4. Nc3 e6 5. g3 Be7 6. Bg2 0-0 7. 0-0 a5 8. Ne1 Qe8 9. f4 e5 10. Nd5 Bd8 11. fxe5 dxe5 12. Bg5 exd4 13. Bxf6 Bxf6 14. Nxc7 Qe3+ 15. Kh1 Ra7 16. Nd5 Qh6 17. c5 Be5 18. Qb3 a4 19. Qb6 Nc6 20. Rf3 Ra6 21. Qb5 Qh5 22. Nd3 Kh8 23. Nxe5 Nxe5 24. Rf4 Ng4 25. h3 g5 26. Rxd4 f4 27. Qc4 Nf2+ 28. Kg1 Nxh3+ 29. Kf1 fxg3+ 30. Ke1 Rf2 31. Re4 Rxg2 32. Qd4+ Kg8 33. Ne7+ Kf7 34. Nxc8 Rf6 35. Re7+ Kg6 36. Qe4+ Rf5 37. Re6+ Kg7 38. Qxf5 Rf2 39. Re7+ Kg8 40. Qe6+ Rf7 41. Re8+ Kg7 42. Ne7 Rf1+ 43. Kxf1 g2+ 44. Ke1 g1Q+ 45. Kd2 Qd4+ 46. Ke1 Qhh4+ 0-1

[Event "Bashanta Summer"]
[Site "Gorodovikovsk"]
[Date "2008.07.??"]
[Round "7"]
[White "Khudinov, Mergen"]
[Black "Chudakov, Yury"]
[Result "1-0"]
[WhiteElo "2035"]
[BlackElo "2050"]
[PlyCount "59"]
[EventDate "2008.07.16"]
[EventType "tourn"]
[EventRounds "9"]
[EventCountry "RUS"]
[SourceTitle "EXT 2022"]
[Source "ChessBase"]
[SourceDate "2021.10.06"]
[SourceVersion "1"]
[SourceVersionDate "2021.10.06"]
[SourceQuality "1"]

1. d4 e6 2. e4 b6 3. Nf3 Bb7 4. Bd3 g6 5. Bg5 Be7 6. h4 h6 7. Bxe7 Qxe7 8. Nbd2 Nf6 9. c3 d6 10. Qc2 Nbd7 11. 0-0-0 0-0-0 12. Qa4 Kb8 13. Rhe1 c5 14. Ba6 cxd4 15. cxd4 e5 16. Bxb7 Kxb7 17. Kb1 Ng4 18. Re2 Rc8 19. Nc4 exd4 20. Rxd4 Nc5 21. Qb5 Rhd8 22. Red2 d5 23. exd5 Ne4 24. Rc2 Ngxf2 25. Na5+ Ka8 26. Nc6 Qc7 27. Qa4 Rd6 28. Rxe4 Nxe4 29. Qxe4 Qd7 30. Rd2 1-0

[Event "Bashanta Spring"]
[Site "Bashanta "]
[Date "2007.??.??"]
[Round "5"]
[White "Chudakov, Yury"]
[Black "Nasunov, Valery"]
[Result "1-0"]
[WhiteElo "2055"]
[BlackElo "1817"]
[PlyCount "70"]
[EventDate "2007.03.21"]
[EventType "tourn"]
[EventRounds "9"]
[EventCountry "RUS"]
[SourceTitle "EXT 2008"]
[Source "ChessBase"]
[SourceDate "2007.11.25"]
[SourceVersion "1"]
[SourceVersionDate "2007.11.25"]
[SourceQuality "1"]

1. Nf3 d5 2. b3 Nf6 3. Bb2 g6 4. e3 Bg7 5. d4 0-0 6. Nbd2 Nbd7 7. Bd3 c5 8. 0-0 cxd4 9. exd4 Re8 10. Re1 Nh5 11. Ng5 e5 12. Nxf7 Kxf7 13. Qf3+ Ndf6 14. dxe5 Bg4 15. Qe3 Ng8 16. Qd4 Be6 17. Ba3 Bf8 18. Bxf8 Rxf8 19. Nf3 Nh6 20. h4 Kg7 21. Ng5 Qe7 22. g3 Nf5 23. Qc5 Bg8 24. Qc3 d4 25. Qd2 Bd5 26. Bxf5 gxf5 27. Qxd4 Be6 28. Qd1 Kg6 29. Qf3 Bd7 30. Rad1 Bc6 31. Qe3 Rad8 32. e6 Rxd1 33. Rxd1 Rd8 34. Re1 Nf6 35. Nf7 Ng4 1-0

[Event "Bashanta Spring"]
[Site "Bashanta "]
[Date "2007.??.??"]
[Round "2"]
[White "Chudakov, Yury"]
[Black "Pilavov, Georgy"]
[Result "0-1"]
[WhiteElo "2055"]
[BlackElo "2536"]
[PlyCount "52"]
[EventDate "2007.03.21"]
[EventType "tourn"]
[EventRounds "9"]
[EventCountry "RUS"]
[SourceTitle "EXT 2008"]
[Source "ChessBase"]
[SourceDate "2007.11.25"]
[SourceVersion "1"]
[SourceVersionDate "2007.11.25"]
[SourceQuality "1"]

1. e4 c5 2. Nf3 d6 3. d3 Nc6 4. g3 g6 5. Bg2 Bg7 6. 0-0 e5 7. Nbd2 Nge7 8. a4 0-0 9. Nc4 h6 10. Ne1 d5 11. exd5 Nxd5 12. c3 Be6 13. Qe2 Qc7 14. Nf3 Rfe8 15. Ne3 Rad8 16. h4 Qd7 17. Nh2 f5 18. Rd1 Na5 19. c4 Nb4 20. Bd2 Nac6 21. Ra3 Nd4 22. Qf1 f4 23. gxf4 exf4 24. Nd5 Nxd5 25. cxd5 Bxd5 26. Bxf4 Ne2+ 0-1